00466 2200181 4500001002100000008004100021035002000062245005000082250001000132260004000142300002300182020001800205084001600223082001000239650001000249990001300259990001200272INLIS000000000000021 Ind  a0010-0921000021 aAnakku Luar Biasa Jenius!cSuminaring Prasojo aCet.1 aYogyakartabPustaka Widyatamac2011 a292c18 cm x 23 cm a9789796105700 a153.8 SUM a a153.8 aFiksi aDI. 2148 aDI 2148